Central Library OPAC University of Rajshahi

General climatology / (Record no. 71203)

MARC details
000 -LEADER
fixed length control field 00723nam a2200229 a 4500
001 - CONTROL NUMBER
control field 71203
003 - CONTROL NUMBER IDENTIFIER
rucl marc code BD-RjUL
005 - DATE AND TIME OF LATEST TRANSACTION
control field 20211209082104.0
008 - FIXED-LENGTH DATA ELEMENTS--GENERAL INFORMATION
fixed length control field 170429s1961 njubd b 001 0 eng d
035 ## - SYSTEM CONTROL NUMBER
System control number (BD-RjUL)71418
040 ## - CATALOGING SOURCE
Original cataloging agency DLC
Transcribing agency DLC
Modifying agency DLC
-- BD-RjUL
Language of cataloging eng
041 ## - LANGUAGE CODE
Language code of text/sound track or separate title eng
082 00 - DEWEY DECIMAL CLASSIFICATION NUMBER
Classification number 551.6
Edition number 23
Author mark and year CRG 1961
100 1# - MAIN ENTRY--PERSONAL NAME
Personal name Critchfield, Howard J.
9 (RLIN) 250
245 10 - TITLE STATEMENT
Title General climatology /
Statement of responsibility, etc. Howard J. Critchfield.
260 ## - PUBLICATION, DISTRIBUTION, ETC. (IMPRINT)
Place of publication, distribution, etc. Englewood Cliffs, N.J. :
Name of publisher, distributor, etc. Prentice-Hall,
-- Prentice-Hall India, New Delhi
Date of publication, distribution, etc. c1960 [Printing 1961].
300 ## - PHYSICAL DESCRIPTION
Pagination xiii, 465 p. :
Illustrations ill. ;
Size 25 cm.
504 ## - BIBLIOGRAPHY, ETC. NOTE
Bibliography, etc Includes bibliographies & Index.
650 #0 - SUBJECT ADDED ENTRY--TOPICAL TERM
Topical term or geographic name as entry element Climatology and weather
9 (RLIN) 251
942 ## - ADDED ENTRY ELEMENTS (KOHA)
Source of classification or shelving scheme Dewey Decimal Classification
Koha item type Books
Holdings
Lost status Source of classification or shelving scheme Damaged status Not for loan Collection code Permanent Location Current Location Shelving location Date acquired Source of acquisition Cost, normal purchase price Total Checkouts Full call number Date last seen Copy number Koha item type
  Dewey Decimal Classification   Not For Loan Non-fiction Central Library, University of Rajshahi Central Library, University of Rajshahi Reading Room 29/11/1965 Zeetlinger 72.00   551.6 CRG 1961 29/04/2017 C-1 Books